000 00324nam a22001337a 4500
008 171106b xxu||||| |||| 00| 0 eng d
020 _a2900073379608
041 _aeng
080 _a330.722.6
100 _a61
101 _aKON
245 _aACCOUTING FOR GOVERNMENT NONPROFIT ENTITIES
_cWILSON.E.R
942 _2udc
_cBK
999 _c37760
_d37760